Gwen Stefani Charting Songs (Bubbling Under) - Statistics

General Stats
  • This quiz has been taken 9 times
  • The average score is 7 of 13
Answer Stats
Album Peak Artist(s) Song % Correct
Love. Angel. Music. Baby #3 Gwen Stefani Hollaback Girl
100%
Love. Angel. Music. Baby #8 Gwen Stefani ft. Eve Rich Girl
100%
Love. Angel. Music. Baby #13 Gwen Stefani Cool
88%
The Sweet Escape #15 Gwen Stefani ft. Akon The Sweet Escape
88%
You Make It Feel Like Christmas #2 Gwen Stefani ft. Blake Shelton You Make It Feel Like Christmas
63%
Love. Angel. Music. Baby #13 Gwen Stefani Luxurious
50%
This is What the Truth Feels Like #3 Gwen Stefani Used to Love You
50%
This is What the Truth Feels Like #11 Gwen Stefani Misery
38%
The Sweet Escape #25 Gwen Stefani 4 in the Morning
25%
In My Mind #5 Pharrell ft. Gwen Stefani Can I Have It Like That
25%
Love. Angel. Music. Baby #3 Gwen Stefani Crash
25%
V #7 Maroon 5 ft. Gwen Stefani My Heart is Open
25%
Scorpion #4 Eve ft. Gwen Stefani You Me Blow Ya Mind
13%
No matching quizzes found
Score Distribution
Percent of People with Each Score
Percentile by Number Answered
Your Score History
You have not taken this quiz